| 000 | 01920cam a22003134a 4500 | ||
|---|---|---|---|
| 001 | 12502388 | ||
| 003 | NUST | ||
| 005 | 20220720095948.0 | ||
| 008 | 010814s2002 inua 001 0 eng | ||
| 010 | _a 2001094813 | ||
| 020 | _a978-96-734-9832-1 | ||
| 040 |
_aDLC _cDLC _dDLC |
||
| 042 | _apcc | ||
| 050 | 0 | 0 |
_aQA76.64 _b.L32 2002 |
| 082 | 0 | 0 |
_a005.133, LAF _221 |
| 100 | 1 |
_aLafore, Robert _q(Robert W.) _917944 |
|
| 245 | 1 | 0 |
_aObject-oriented programming in C++ / _cRobert Lafore. |
| 250 | _a4th ed. | ||
| 260 |
_aIndianapolis, Ind. : _bSams Publishing, _cc2002. |
||
| 300 |
_axix, 1012 p. : _bill. ; _c24 cm. |
||
| 505 | _aIntroduction (Page-1), The Big Picture (Page-9), C++ Programming Basics (Page-29), Loops and Decisions (Page-75), Structures (Page-131), Functions (Page-161), Objects and Classes (Page-215), Arrays and Strings (Page-263), Operator Overloading (Page-319), Inheritance (Page-371), Pointers (Page-429), Virtual Functions (Page-503), Streams and Files (Page-567), Multifile Programs (Page-633), Templates and Exceptions (Page-681), The Standard Template Library (Page-725), Object-Oriented Software Development (Page-801),A ASCII Chart (Page-849), B C++ Precedence Table and Keywords (Page-859), C Microsoft Visual C++ (Page-863), D Borland C++Builder (Page-871), E Console Graphics Lite (Page-881), F STL Algorithms and Member Functions (Page-895), G Answers to Questions and Exercises (Page-913), H Bibliography (Page-977). | ||
| 650 | 0 | _aObject-oriented programming (Computer science) | |
| 650 | 0 | _aC++ (Computer program language) | |
| 700 | 1 |
_aLafore, Robert _q(Robert W.). _tWaite Group's object-oriented programming in C++. _917945 |
|
| 710 | 2 |
_aWaite Group. _914012 |
|
| 906 |
_a7 _bcbc _corignew _d2 _eepcn _f20 _gy-gencatlg |
||
| 942 |
_2ddc _cBK |
||
| 999 |
_c590373 _d590373 |
||